000
00256nam a22001097a 4500
008
170123b xxu||||| |||| 00| 0 eng d
020
_a
9780323052177
041
_a
eng
080
_2
4TH
_a
618.2
245
_a
CONTEMPORARY NURSING
_c
JACOB, S.R
942
_2
udc
_c
BK
999
_c
3419
_d
3419